000 00610nam a2200229Ia 4500
003 OSt
005 20220926015129.0
006 a|||||r|||| 00| 0
007 ta
008 220923b |||||||| |||| 00| 0 eng d
037 _cGeneral Book
040 _aRTL
_cRTL
_beng
041 _2eng
_aeng
082 _aY48, L1
100 _aMeissner William W
_9321654
245 0 _aAssault on authority dialogue or dilemma?
260 _aNew York
_bOrbis Books
_c1971
300 _a320p
_ccm.
650 _aElites
942 _hY48, L1
_cGB
_2CC
999 _c630622
_d630622